000 01434cam a22003977a 4500
003 CHAP
005 20220329142310.0
008 000524d2000 mx r 00110 spa d
010 _a81263
011 _a82235
035 _a92723
040 _cCHAP
090 _aTesis
100 0 0 _aGutiérrez Vázquez, Esequiel.
_951864
245 1 0 _aEstudio econométrico del mercado de la miel en México 1976-1998
_c/por Ezequiel Gutiérrez Vázquez
260 _aChapingo, Méx. :
_bEl autor,
_c2000.
300 _a82 h. ;
_bgráfs.
500 _ac.3 en bodega
502 _aTesis (Lic. en Economía Agrícola) -- UACH. División de Ciencias Económico Administrativas
590 _aALEPH
_b10
_c20130110
_lUCH01
_h1435
590 _aBATCH-UPD
_b10
_c20130110
_lUCH01
_h0154
590 _aBATCH-UPD
_b10
_c20130110
_lUCH01
_h1903
590 _aBATCH-UPD
_b10
_c20130409
_lUCH01
_h2156
590 _aBATCH-UPD
_b10
_c20130410
_lUCH01
_h1231
590 _aBATCH-UPD
_b10
_c20130914
_lUCH01
_h1818
590 _aCONVERSION
_b10
_c20130109
_lUCH01
_h1345
650 1 4 _aApicultura
_xAspectos economicos.
_96246
650 1 4 _aApicultura
_xMexico.
_96268
650 1 4 _aMiel de abejas
_xCostos de producción.
_975565
650 1 4 _aMiel de abejas
_xMercadeo.
_975567
901 _aBK
905 _aAlejandra Carrasco M.
942 _cFOLL
949 _bBC
_cTES
_d33724000781332
_eTS2
_fc.2
_h36072
_i92723
_si
949 _bBC
_cTES
_d927231
_eTS1
_h36071
_i92723
_sb
999 _c81263
_d81263